[Event "FISU World University"]
[Site "Tornelo INT"]
[Date "2020.10.28"]
[Round "8.33"]
[White "Perez, Cecilia Manuela"]
[Black "Lopez, Gonzalo"]
[Result "0-1"]
[WhiteElo "1588"]
[BlackElo "1914"]
[PlyCount "60"]
[EventDate "2020.10.26"]
[EventType "team-swiss (rapid)"]
[EventRounds "9"]
[EventCountry "NET"]
[SourceTitle "CBM 199 Extra"]
[Source "ChessBase"]
[SourceDate "2021.01.31"]
[SourceVersion "1"]
[SourceVersionDate "2021.01.31"]
[SourceQuality "1"]
[WhiteTeam "Uruguay"]
[BlackTeam "Argentina II"]
[WhiteTeamCountry "URU"]
[BlackTeamCountry "ARG"]

1. Nf3 Nf6 2. g3 b6 3. Bg2 Bb7 4. 0-0 e6 5. d3 c5 6. Nbd2 Be7 7. e4 d6 8. b3 0-0 9. Bb2 Nc6 10. e5 dxe5 11. Nxe5 Qc7 12. Nxc6 Bxc6 13. Bxc6 Qxc6 14. Qf3 Qxf3 15. Nxf3 Nd5 16. a3 Bf6 17. Bxf6 gxf6 18. c4 Ne7 19. d4 Nc6 20. dxc5 bxc5 21. Rad1 Rfd8 22. Rfe1 Kf8 23. Kf1 Ke7 24. Ke2 e5 25. g4 Rab8 26. g5 Rxb3 27. gxf6+ Kxf6 28. Rxd8 Nxd8 29. Rd1 Ne6 30. Rd5 Nf4+ 0-1

[Event "FISU World University"]
[Site "Tornelo INT"]
[Date "2020.10.26"]
[Round "2.21"]
[White "Arguedas Bolanos, Sharline"]
[Black "Perez, Cecilia Manuela"]
[Result "1-0"]
[WhiteElo "1319"]
[BlackElo "1588"]
[PlyCount "53"]
[EventDate "2020.10.26"]
[EventType "team-swiss (rapid)"]
[EventRounds "9"]
[EventCountry "NET"]
[SourceTitle "CBM 199 Extra"]
[Source "ChessBase"]
[SourceDate "2021.01.31"]
[SourceVersion "1"]
[SourceVersionDate "2021.01.31"]
[SourceQuality "1"]
[WhiteTeam "Costa Rica II"]
[BlackTeam "Uruguay"]
[WhiteTeamCountry "CRI"]
[BlackTeamCountry "URU"]

1. d4 e6 2. Nf3 f5 3. e3 Nf6 4. Bd3 d6 5. b3 Be7 6. Bb2 0-0 7. Nbd2 d5 8. 0-0 Bd7 9. Ne5 c6 10. c4 Be8 11. Ndf3 Bh5 12. Qc2 Nbd7 13. Ng5 Bf7 14. Ngxf7 Rxf7 15. Nxf7 Kxf7 16. f4 Ng4 17. Qe2 Kg8 18. h3 Ngf6 19. g4 Ne4 20. Qg2 Bb4 21. a3 Bd2 22. Bxe4 Bxe3+ 23. Kh2 Qh4 24. Bd3 Nf6 25. Qg3 Qh6 26. g5 Ng4+ 27. Kg2 1-0

[Event "URU-ch U20/Girls"]
[Site "Nueva Helvecia"]
[Date "2018.04.21"]
[Round "2"]
[White "Vazquez, Facundo"]
[Black "Perez, Cecilia Manuela"]
[Result "1-0"]
[WhiteElo "1945"]
[BlackElo "1619"]
[PlyCount "67"]
[EventDate "2018.04.21"]
[EventType "swiss"]
[EventRounds "6"]
[EventCountry "URU"]
[SourceTitle "CBM 184 Extra"]
[Source "ChessBase"]
[SourceDate "2018.06.28"]
[SourceVersion "1"]
[SourceVersionDate "2018.06.28"]
[SourceQuality "1"]

1. d4 e6 2. c4 f5 3. g3 Nf6 4. Bg2 c6 5. Nh3 Be7 6. 0-0 0-0 7. b3 d6 8. Bb2 Nbd7 9. Nf4 Nb6 10. Nd3 Bd7 11. Nd2 d5 12. c5 Nc8 13. Nf3 Be8 14. Nfe5 Nd7 15. Nf4 Rf6 16. b4 Nxe5 17. dxe5 Rh6 18. f3 b6 19. Nd3 bxc5 20. bxc5 Bf8 21. Qd2 g5 22. Rad1 Rg6 23. e4 f4 24. Qf2 fxg3 25. Qxg3 Rg7 26. Qf2 Bh5 27. Rd2 Rf7 28. Qe3 dxe4 29. fxe4 Rxf1+ 30. Bxf1 Qe7 31. Rg2 h6 32. h4 g4 33. Be2 Qxh4 34. Rh2 1-0

[Event "URU-ch (Women)"]
[Site "Punta del Este"]
[Date "2018.03.04"]
[Round "5"]
[White "Malan, Lucia"]
[Black "Perez, Cecilia Manuela"]
[Result "1/2-1/2"]
[WhiteElo "1797"]
[BlackElo "1605"]
[PlyCount "98"]
[EventDate "2018.03.02"]
[EventType "swiss"]
[EventRounds "6"]
[EventCountry "URU"]
[SourceTitle "EXT 2021"]
[Source "ChessBase"]
[SourceDate "2020.10.23"]
[SourceVersion "1"]
[SourceVersionDate "2020.10.23"]
[SourceQuality "1"]

1. e4 e6 2. d4 d5 3. Nd2 Nf6 4. e5 Nfd7 5. Bd3 c5 6. c3 Nc6 7. Ne2 cxd4 8. cxd4 f6 9. exf6 Nxf6 10. 0-0 Bd6 11. Nf3 0-0 12. Re1 Ng4 13. h3 Nxf2 14. Kxf2 e5 15. dxe5 Nxe5 16. Ned4 Qh4+ 17. Kg1 Nxf3+ 18. Nxf3 Rxf3 19. Re8+ Rf8 20. Rxf8+ Bxf8 21. Be2 Bc5+ 22. Kh2 Qd4 23. Qxd4 Bxd4 24. Bf3 Be6 25. Bf4 Rf8 26. Bg3 Bxb2 27. Rb1 Bf6 28. Rxb7 Rf7 29. Rb8+ Rf8 30. Rb1 Rd8 31. Rb7 Rd7 32. Rxd7 Bxd7 33. Bxd5+ Kf8 34. Bd6+ Be7 35. Be5 g6 36. Kg3 Bg5 37. Kf3 Ke7 38. Bg8 Bc6+ 39. Kg4 Bf6 40. Bb8 h5+ 41. Kg3 Bd4 42. h4 Kf6 43. Bc4 Be5+ 44. Bxe5+ Kxe5 45. Kf2 a5 46. Bf7 Be4 47. Ke3 Bb1 48. Kf3 Be4+ 49. Ke3 Bb1 1/2-1/2

[Event "URU-ch (Women)"]
[Site "Punta del Este"]
[Date "2018.03.04"]
[Round "6"]
[White "Perez, Cecilia Manuela"]
[Black "Larrea, Daniela"]
[Result "1/2-1/2"]
[WhiteElo "1605"]
[BlackElo "1769"]
[PlyCount "52"]
[EventDate "2018.03.02"]
[EventType "swiss"]
[EventRounds "6"]
[EventCountry "URU"]
[SourceTitle "EXT 2021"]
[Source "ChessBase"]
[SourceDate "2020.10.23"]
[SourceVersion "1"]
[SourceVersionDate "2020.10.23"]
[SourceQuality "1"]

1. Nf3 d5 2. d4 e6 3. e3 f5 4. Bd3 Nf6 5. 0-0 Bd6 6. b3 0-0 7. Ne5 Nbd7 8. f4 Ne4 9. Bb2 Rf6 10. Nd2 Rh6 11. Nxd7 Bxd7 12. Nf3 Nf6 13. Qe1 Qe7 14. a3 a6 15. c4 c6 16. c5 Bc7 17. Bc3 Qd8 18. Qd2 Ne4 19. Qe1 Be8 20. Bxe4 fxe4 21. Ne5 Bh5 22. Qf2 Bxe5 23. fxe5 Qf8 24. Qxf8+ Rxf8 25. Rxf8+ Kxf8 26. Rf1+ Ke8 1/2-1/2

[Event "Montevideo Duchamp Cup 1st"]
[Site "Montevideo"]
[Date "2017.02.15"]
[Round "9"]
[White "Dominguez Orono, Walter"]
[Black "Perez, Cecilia Manuela"]
[Result "1-0"]
[WhiteElo "1693"]
[BlackElo "1559"]
[PlyCount "39"]
[EventDate "2017.02.09"]
[EventType "swiss"]
[EventRounds "9"]
[EventCountry "URU"]
[SourceTitle "CBM 176 Extra"]
[Source "ChessBase"]
[SourceDate "2017.03.02"]
[SourceVersion "1"]
[SourceVersionDate "2017.03.02"]
[SourceQuality "1"]

1. d4 f5 2. c4 Nf6 3. Nc3 e6 4. Nf3 c6 5. Bg5 h6 6. Bxf6 gxf6 7. e3 d5 8. cxd5 cxd5 9. Nh4 Qc7 10. Rc1 Nc6 11. a3 Qf7 12. Bd3 Bd7 13. b4 a6 14. Qb3 Qh5 15. g3 Rg8 16. Nxf5 Qf3 17. Rg1 exf5 18. Nxd5 0-0-0 19. Nb6+ Kb8 20. Nxd7+ 1-0

[Event "Montevideo Duchamp Cup 1st"]
[Site "Montevideo"]
[Date "2017.02.14"]
[Round "8"]
[White "Perez, Cecilia Manuela"]
[Black "Campora, Edgardo"]
[Result "1/2-1/2"]
[WhiteElo "1559"]
[BlackElo "1725"]
[PlyCount "70"]
[EventDate "2017.02.09"]
[EventType "swiss"]
[EventRounds "9"]
[EventCountry "URU"]
[SourceTitle "CBM 176 Extra"]
[Source "ChessBase"]
[SourceDate "2017.03.02"]
[SourceVersion "1"]
[SourceVersionDate "2017.03.02"]
[SourceQuality "1"]

1. Nf3 Nf6 2. g3 g6 3. Bg2 Bg7 4. 0-0 0-0 5. d3 d5 6. Nbd2 c5 7. e4 e6 8. Re1 Nc6 9. Nf1 b5 10. Rb1 Bb7 11. Bf4 Qb6 12. Qc1 Rfd8 13. Bh6 Bh8 14. Bg5 dxe4 15. dxe4 e5 16. c3 Rac8 17. Qc2 Bg7 18. Rbd1 h6 19. Bc1 Nd7 20. Ne3 Ne7 21. Ng4 Kh7 22. Rd2 Qc7 23. Qb3 f5 24. exf5 gxf5 25. Ne3 a6 26. Qf7 f4 27. Qxe7 fxe3 28. Rxe3 Bc6 29. Rd6 Re8 30. Rxh6+ Kxh6 31. Qh4+ Kg6 32. Qg4+ Kf6 33. Qh4+ Kg6 34. Qg4+ Kf6 35. Qh4+ Kg6 1/2-1/2

[Event "Montevideo Duchamp Cup 1st"]
[Site "Montevideo"]
[Date "2017.02.09"]
[Round "1"]
[White "Perez, Cecilia Manuela"]
[Black "Ulaneo, Matias"]
[Result "0-1"]
[WhiteElo "1559"]
[BlackElo "1994"]
[PlyCount "48"]
[EventDate "2017.02.09"]
[EventType "swiss"]
[EventRounds "9"]
[EventCountry "URU"]
[SourceTitle "CBM 176 Extra"]
[Source "ChessBase"]
[SourceDate "2017.03.02"]
[SourceVersion "1"]
[SourceVersionDate "2017.03.02"]
[SourceQuality "1"]

1. Nf3 c5 2. g3 d5 3. Bg2 Nf6 4. 0-0 g6 5. d3 Bg7 6. Nbd2 Nc6 7. e4 0-0 8. Re1 b6 9. exd5 Nxd5 10. Nc4 Bb7 11. Nfe5 Nxe5 12. Nxe5 Qc7 13. Nf3 Rad8 14. Qe2 Rfe8 15. c3 Ba6 16. Rd1 Bxc3 17. Bh6 Bg7 18. a3 e5 19. Qc2 f5 20. Re1 Nf6 21. Rad1 Bb7 22. Rd2 e4 23. dxe4 Bxe4 24. Qc3 Bxf3 0-1

[Event "South America-ch U18 Girls 13th"]
[Site "Santiago de Chile"]
[Date "2016.12.04"]
[Round "6"]
[White "Melipichun Torres, Katerine"]
[Black "Perez, Cecilia Manuela"]
[Result "1-0"]
[WhiteElo "1588"]
[BlackElo "1661"]
[PlyCount "38"]
[EventDate "2016.12.01"]
[EventType "swiss"]
[EventRounds "9"]
[EventCountry "CHI"]
[SourceTitle "EXT 2018"]
[Source "ChessBase"]
[SourceDate "2017.10.13"]
[SourceVersion "1"]
[SourceVersionDate "2017.10.13"]
[SourceQuality "1"]

1. d4 f5 2. c4 Nf6 3. g3 e6 4. Bg2 Be7 5. Nf3 0-0 6. 0-0 d6 7. Nc3 Qe8 8. Re1 Nbd7 9. e4 fxe4 10. Nxe4 Nxe4 11. Rxe4 Nf6 12. Re1 Qf7 13. Ng5 Qg6 14. Nxe6 Bxe6 15. Rxe6 Qf7 16. Qe2 Rae8 17. Bxb7 Ng4 18. f3 Ne5 19. dxe5 dxe5 1-0

[Event "Olympiad Women-42"]
[Site "Baku"]
[Date "2016.09.06"]
[Round "5.4"]
[White "Kaydanovich, Marina"]
[Black "Perez, Cecilia Manuela"]
[Result "1-0"]
[WhiteElo "1809"]
[BlackElo "1621"]
[PlyCount "93"]
[EventDate "2016.09.02"]
[EventType "team-swiss"]
[EventRounds "11"]
[EventCountry "AZE"]
[SourceTitle "CBM 174 Extra"]
[Source "ChessBase"]
[SourceDate "2016.10.10"]
[SourceVersion "1"]
[SourceVersionDate "2016.10.10"]
[SourceQuality "1"]
[WhiteTeam "IPCA (W)"]
[BlackTeam "Uruguay (W)"]
[BlackTeamCountry "URU"]

1. d4 f5 2. c4 Nf6 3. Nc3 e6 4. Qc2 Bb4 5. a3 Bxc3+ 6. Qxc3 b6 7. e3 Bb7 8. f3 0-0 9. Bd3 d6 10. Ne2 Nbd7 11. b3 Nh5 12. Qc2 Qh4+ 13. Kd2 f4 14. Bxh7+ Kh8 15. exf4 Nxf4 16. Nxf4 Rxf4 17. Kc3 Rxd4 18. Be3 c5 19. Bd3 Qf6 20. Bxd4 Qxd4+ 21. Kd2 Qf2+ 22. Kc1 Qe3+ 23. Kb2 Qd4+ 24. Ka2 a5 25. Rad1 Qf6 26. a4 Rd8 27. h4 Nb8 28. Qd2 Na6 29. Qg5 Nb4+ 30. Kb1 d5 31. Qxf6 gxf6 32. Bg6 d4 33. Rhe1 e5 34. Be4 Bc8 35. g4 Rf8 36. Bg6 Rg8 37. h5 Bd7 38. Rh1 Bc6 39. Rh3 Bd7 40. Kc1 Na2+ 41. Kd2 Nc3 42. Rg1 Bc8 43. Rhg3 Bd7 44. g5 f5 45. Bf7 Rf8 46. g6 Kg7 47. h6+ 1-0

[Event "Pan American-ch U18 Girls 27th"]
[Site "Montevideo"]
[Date "2016.07.29"]
[Round "7"]
[White "Perez, Cecilia Manuela"]
[Black "Salcedo, Jackeline"]
[Result "0-1"]
[WhiteElo "1639"]
[BlackElo "2044"]
[PlyCount "72"]
[EventDate "2016.07.25"]
[EventType "swiss"]
[EventRounds "9"]
[EventCountry "URU"]
[SourceTitle "EXT 2017"]
[Source "ChessBase"]
[SourceDate "2016.10.25"]
[SourceVersion "1"]
[SourceVersionDate "2016.10.25"]
[SourceQuality "1"]

1. Nf3 d5 2. g3 Nf6 3. Bg2 c6 4. 0-0 Bf5 5. d3 e6 6. Nbd2 Be7 7. Qe1 h6 8. e4 Bh7 9. exd5 exd5 10. Nb3 0-0 11. Be3 Nbd7 12. Nbd4 Re8 13. Qd1 Bf8 14. Re1 Nc5 15. Bd2 Qb6 16. Nb3 a5 17. Be3 a4 18. Nxc5 Bxc5 19. Bxc5 Qxc5 20. Qd2 a3 21. b3 b6 22. b4 Qd6 23. c4 Rxe1+ 24. Rxe1 Ra4 25. c5 bxc5 26. bxc5 Qxc5 27. Rc1 Qb5 28. d4 Ne4 29. Qf4 Bg6 30. Ne5 Rxd4 31. Nxc6 Rc4 32. Ne7+ Kh7 33. Rxc4 Qxc4 34. Qb8 Qc1+ 35. Bf1 Nf6 36. Qb3 Qb2 0-1

[Event "URU-ch U20"]
[Site "Nueva Helvecia"]
[Date "2016.04.16"]
[Round "1"]
[White "Canabal, Ignacio"]
[Black "Perez, Cecilia Manuela"]
[Result "1-0"]
[WhiteElo "1641"]
[BlackElo "1697"]
[PlyCount "61"]
[EventDate "2016.04.16"]
[EventType "swiss"]
[EventRounds "6"]
[EventCountry "URU"]
[SourceTitle "CBM 171 Extra"]
[Source "ChessBase"]
[SourceDate "2016.04.26"]
[SourceVersion "1"]
[SourceVersionDate "2016.04.26"]
[SourceQuality "1"]

1. d4 e6 2. c4 f5 3. Nc3 Nf6 4. e3 d5 5. Bd3 c6 6. Nge2 Bd6 7. Qc2 Nbd7 8. 0-0 0-0 9. Nf4 Qe7 10. b3 Ne4 11. f3 Nxc3 12. Qxc3 c5 13. cxd5 cxd4 14. exd4 e5 15. Ne6 exd4 16. Qc2 Nf6 17. Nxf8 Qxf8 18. Bb2 Nxd5 19. Bc4 Be6 20. Rfe1 Bf7 21. Bxd4 Rc8 22. Qxf5 a6 23. Bxd5 Rd8 24. Qxf7+ Qxf7 25. Bxf7+ Kxf7 26. a4 Bxh2+ 27. Kxh2 Rxd4 28. Rad1 Rf4 29. Kg3 Rf6 30. Rd7+ Kg6 31. Ree7 1-0

[Event "Punta del Este op 4th"]
[Site "Punta del Este"]
[Date "2015.11.15"]
[Round "4"]
[White "Muzzi, Eduardo"]
[Black "Perez, Cecilia Manuela"]
[Result "1/2-1/2"]
[WhiteElo "2010"]
[BlackElo "1696"]
[PlyCount "79"]
[EventDate "2015.11.13"]
[EventType "swiss"]
[EventRounds "5"]
[EventCountry "URU"]
[SourceTitle "CBM 169 Extra"]
[Source "ChessBase"]
[SourceDate "2015.12.18"]
[SourceVersion "1"]
[SourceVersionDate "2015.12.18"]
[SourceQuality "1"]

1. e4 e6 2. d4 d5 3. e5 c5 4. c3 Nc6 5. Nf3 Qb6 6. a3 cxd4 7. cxd4 Be7 8. Be2 f6 9. 0-0 Nh6 10. b4 fxe5 11. Bxh6 gxh6 12. Nxe5 Nxe5 13. dxe5 Bd7 14. Bh5+ Kd8 15. Nd2 Rc8 16. Rc1 Rc7 17. Rxc7 Qxc7 18. Nf3 Kc8 19. Qd2 Kb8 20. Qxh6 Qd8 21. Bf7 Bf8 22. Qe3 Bg7 23. Qc5 Qf8 24. Bh5 Qxc5 25. bxc5 Rc8 26. Rc1 Bf8 27. Ng5 Bxc5 28. Ra1 Bd4 29. Rd1 Bxe5 30. Bg4 Rc3 31. Bxe6 Bxe6 32. Nxe6 Rxa3 33. f4 Ra1 34. Rxa1 Bxa1 35. g4 b5 36. Kf1 a5 37. Nc5 Kc7 38. Ke2 a4 39. f5 Kd6 40. Nd3 1/2-1/2

[Event "Punta del Este op 4th"]
[Site "Punta del Este"]
[Date "2015.11.15"]
[Round "5"]
[White "Perez, Cecilia Manuela"]
[Black "Pena Canapa, Alfredo"]
[Result "0-1"]
[WhiteElo "1696"]
[BlackElo "1833"]
[PlyCount "100"]
[EventDate "2015.11.13"]
[EventType "swiss"]
[EventRounds "5"]
[EventCountry "URU"]
[SourceTitle "CBM 169 Extra"]
[Source "ChessBase"]
[SourceDate "2015.12.18"]
[SourceVersion "1"]
[SourceVersionDate "2015.12.18"]
[SourceQuality "1"]

1. Nf3 Nf6 2. g3 g6 3. Bg2 Bg7 4. 0-0 0-0 5. d3 d5 6. Nbd2 c5 7. Re1 Nc6 8. e4 e5 9. exd5 Nxd5 10. Nc4 Re8 11. Rb1 Rb8 12. Ne3 Nf6 13. Nc4 Qc7 14. Nfxe5 Nxe5 15. Nxe5 Qa5 16. Bd2 Qxa2 17. Nc4 Rxe1+ 18. Qxe1 Qa4 19. b3 Qd7 20. Ra1 b5 21. Ne5 Qc7 22. Nc6 Rb7 23. Bf4 Qd7 24. Ne5 Qd4 25. Bxb7 Bxb7 26. Kf1 Nd5 27. Rxa7 Nxf4 28. Rxb7 Bxe5 29. gxf4 Qxf4 30. Rxb5 Qxh2 31. Rxc5 Qh1+ 32. Ke2 Qh5+ 33. f3 Qh2+ 34. Qf2 Qxf2+ 35. Kxf2 Bd4+ 36. Ke2 Bxc5 37. c3 h5 38. b4 Ba7 39. c4 Bd4 40. c5 Kf8 41. f4 Ke7 42. Kf3 f5 43. c6 Kd6 44. b5 Kc7 45. Kg3 Bf6 46. Kf3 Kd6 47. Ke3 Bd8 48. d4 Kd5 49. Kd3 Bb6 50. Ke2 Kxd4 0-1

[Event "Punta del Este op 4th"]
[Site "Punta del Este"]
[Date "2015.11.13"]
[Round "1"]
[White "Perez, Cecilia Manuela"]
[Black "Larrea, Manuel"]
[Result "0-1"]
[WhiteElo "1696"]
[BlackElo "2311"]
[PlyCount "66"]
[EventDate "2015.11.13"]
[EventType "swiss"]
[EventRounds "5"]
[EventCountry "URU"]
[SourceTitle "CBM 169 Extra"]
[Source "ChessBase"]
[SourceDate "2015.12.18"]
[SourceVersion "1"]
[SourceVersionDate "2015.12.18"]
[SourceQuality "1"]

1. Nf3 Nf6 2. g3 g6 3. Bg2 Bg7 4. 0-0 0-0 5. d3 d6 6. Nbd2 c5 7. e4 Nc6 8. Re1 Rb8 9. e5 dxe5 10. Nxe5 Nxe5 11. Rxe5 Ng4 12. Re1 Ne5 13. Nf3 Bg4 14. Rb1 Nxf3+ 15. Bxf3 Bxf3 16. Qxf3 e5 17. b4 cxb4 18. Rxb4 b6 19. Bb2 Re8 20. d4 exd4 21. Rxe8+ Qxe8 22. Qd1 Rd8 23. Rb3 Rd6 24. Rd3 Re6 25. Kf1 Qb5 26. Ba1 h5 27. Kg1 Qe8 28. Kf1 Qb5 29. Kg1 Qa5 30. Rd2 h4 31. Re2 Qh5 32. Rd2 h3 33. Bb2 Qf3 0-1

[Event "American Continental 11th"]
[Site "Montevideo"]
[Date "2015.05.24"]
[Round "11"]
[White "Pena, Luis"]
[Black "Perez, Cecilia Manuela"]
[Result "0-1"]
[WhiteElo "1680"]
[BlackElo "1525"]
[PlyCount "92"]
[EventDate "2015.05.15"]
[EventType "swiss"]
[EventRounds "11"]
[EventCountry "URU"]
[SourceTitle "CBM 167"]
[Source "ChessBase"]
[SourceDate "2015.07.13"]
[SourceVersion "1"]
[SourceVersionDate "2015.07.13"]
[SourceQuality "1"]

1. e4 e6 2. d4 d5 3. exd5 exd5 4. Bd3 Nf6 5. Bg5 Be7 6. Nf3 0-0 7. 0-0 h6 8. Bh4 Be6 9. Nbd2 Nbd7 10. c3 Re8 11. Re1 Nf8 12. Ne5 Qc8 13. Ndf3 Bf5 14. Qc2 Bxd3 15. Qxd3 g5 16. Bg3 Ne4 17. h3 Kg7 18. Bh2 Nd7 19. Nxd7 Qxd7 20. Ne5 Qd8 21. f3 Nd6 22. Re2 f6 23. Ng4 Nf7 24. Rae1 Qd7 25. Re6 Nd6 26. Bxd6 cxd6 27. Qf5 Bd8 28. Nxf6 Rf8 29. Re7+ Qxe7 30. Rxe7+ Bxe7 31. Qd7 Kxf6 32. Qxb7 Rab8 33. Qxd5 Rxb2 34. g4 Kg7 35. c4 Rd2 36. Qb7 Rf7 37. Qxa7 Bf6 38. Qa5 Rxd4 39. c5 dxc5 40. Qxc5 Rd1+ 41. Kg2 Rd2+ 42. Kf1 Rxa2 43. Qd6 Rb7 44. Qd3 Ra1+ 45. Ke2 Rb2+ 46. Ke3 Re1+ 0-1

[Event "American Continental 11th"]
[Site "Montevideo"]
[Date "2015.05.22"]
[Round "9"]
[White "Rodriguez Farias, Eduardo"]
[Black "Perez, Cecilia Manuela"]
[Result "1-0"]
[WhiteElo "1956"]
[BlackElo "1525"]
[PlyCount "57"]
[EventDate "2015.05.15"]
[EventType "swiss"]
[EventRounds "11"]
[EventCountry "URU"]
[SourceTitle "CBM 167"]
[Source "ChessBase"]
[SourceDate "2015.07.13"]
[SourceVersion "1"]
[SourceVersionDate "2015.07.13"]
[SourceQuality "1"]

1. e4 e6 2. d4 d5 3. e5 c5 4. c3 Nc6 5. Nf3 cxd4 6. cxd4 Qb6 7. Nc3 Nge7 8. Bd3 Bd7 9. 0-0 Nxd4 10. Nxd4 Qxd4 11. Re1 Nc6 12. Be3 Qxe5 13. Bxa7 Qg5 14. Be3 Qf6 15. Nxd5 Qe5 16. Bc4 Rc8 17. Bf4 Qd4 18. Bb3 Bc5 19. Nc7+ Kd8 20. Qxd4 Nxd4 21. Rad1 Rxc7 22. Bxc7+ Kxc7 23. Rc1 Nxb3 24. axb3 b6 25. b4 Kd6 26. Red1+ Kc6 27. bxc5 bxc5 28. b4 Rc8 29. Rxc5+ 1-0

[Event "American Continental 11th"]
[Site "Montevideo"]
[Date "2015.05.17"]
[Round "4"]
[White "Perez, Cecilia Manuela"]
[Black "Dornelles, Marcio Neron Camarg"]
[Result "0-1"]
[WhiteElo "1525"]
[BlackElo "1980"]
[PlyCount "68"]
[EventDate "2015.05.15"]
[EventType "swiss"]
[EventRounds "11"]
[EventCountry "URU"]
[SourceTitle "CBM 167"]
[Source "ChessBase"]
[SourceDate "2015.07.13"]
[SourceVersion "1"]
[SourceVersionDate "2015.07.13"]
[SourceQuality "1"]

1. Nf3 Nf6 2. g3 g6 3. Bg2 Bg7 4. 0-0 0-0 5. d3 d5 6. Nbd2 c5 7. e4 Nc6 8. Re1 e5 9. exd5 Nxd5 10. Ne4 Qe7 11. Qe2 Bg4 12. h3 Nd4 13. Qd1 Nxf3+ 14. Bxf3 Bxh3 15. g4 Bxg4 16. Bxg4 f5 17. Bg5 Qc7 18. Bh3 Kh8 19. Nc3 Nxc3 20. bxc3 h6 21. Bd2 g5 22. Bg2 Rad8 23. Qh5 Qf7 24. Qxf7 Rxf7 25. Rad1 Kh7 26. c4 Kg6 27. Bc3 Re7 28. Bxe5 Rxe5 29. Bxb7 Rde8 30. Kf1 Rxe1+ 31. Rxe1 Rxe1+ 32. Kxe1 g4 33. Kf1 Kg5 34. Kg2 h5 0-1

[Event "American Continental 11th"]
[Site "Montevideo"]
[Date "2015.05.15"]
[Round "1"]
[White "Granara Barreto, Sebastian A"]
[Black "Perez, Cecilia Manuela"]
[Result "1-0"]
[WhiteElo "2147"]
[BlackElo "1525"]
[PlyCount "41"]
[EventDate "2015.05.15"]
[EventType "swiss"]
[EventRounds "11"]
[EventCountry "URU"]
[SourceTitle "CBM 167"]
[Source "ChessBase"]
[SourceDate "2015.07.13"]
[SourceVersion "1"]
[SourceVersionDate "2015.07.13"]
[SourceQuality "1"]

1. e4 e6 2. Nf3 d5 3. e5 c5 4. b4 cxb4 5. d4 Nc6 6. Bd3 Bd7 7. 0-0 b3 8. axb3 Bb4 9. c3 Ba5 10. Ng5 Nh6 11. b4 Bc7 12. Qh5 Ne7 13. Nh3 Ng6 14. Bg5 Qc8 15. Bxh6 gxh6 16. Qxh6 Qd8 17. Bxg6 fxg6 18. Qg7 Rf8 19. Qxh7 Rf7 20. Qxg6 Kf8 21. Ng5 1-0

[Event "South America-ch U16 Girls 11th"]
[Site "Montevideo"]
[Date "2014.09.14"]
[Round "9"]
[White "Caurapan Montero, Anais Angelica"]
[Black "Perez, Cecilia Manuela"]
[Result "1/2-1/2"]
[WhiteElo "1589"]
[BlackElo "1493"]
[PlyCount "71"]
[EventDate "2014.09.08"]
[EventType "swiss"]
[EventRounds "9"]
[EventCountry "URU"]
[SourceTitle "EXT 2016"]
[Source "ChessBase"]
[SourceDate "2015.10.08"]
[SourceVersion "1"]
[SourceVersionDate "2015.10.08"]
[SourceQuality "1"]

1. e4 e6 2. d3 d5 3. Nd2 c5 4. Ngf3 Nc6 5. g3 Nf6 6. Bg2 dxe4 7. dxe4 Bd6 8. 0-0 0-0 9. Re1 e5 10. Nc4 Bc7 11. Qe2 Bg4 12. Qe3 Qe7 13. Nh4 Nd4 14. c3 Nc2 15. Qg5 h6 16. Qd2 Nxe1 17. Qxe1 Rad8 18. Be3 Be6 19. Nf5 Bxf5 20. exf5 b6 21. Bf4 e4 22. Bxc7 Qxc7 23. Bxe4 Nxe4 24. Qxe4 Rfe8 25. Qg4 Qe7 26. Ne3 Rd2 27. Rb1 Qe4 28. Qxe4 Rxe4 29. Kf1 b5 30. Ke1 Rd5 31. a3 Rxf5 32. Rd1 Re7 33. Rd8+ Kh7 34. Rb8 a6 35. Ra8 Rf6 36. Ke2 1/2-1/2

[Event "South America-ch U16 Girls 11th"]
[Site "Montevideo"]
[Date "2014.09.09"]
[Round "2"]
[White "Nakata, Thifanni Harumi"]
[Black "Perez, Cecilia Manuela"]
[Result "1/2-1/2"]
[WhiteElo "1644"]
[BlackElo "1493"]
[PlyCount "100"]
[EventDate "2014.09.08"]
[EventType "swiss"]
[EventRounds "9"]
[EventCountry "URU"]
[SourceTitle "EXT 2016"]
[Source "ChessBase"]
[SourceDate "2015.10.08"]
[SourceVersion "1"]
[SourceVersionDate "2015.10.08"]
[SourceQuality "1"]

1. e4 e6 2. d4 d5 3. Nd2 dxe4 4. Nxe4 Bd7 5. Nf3 Bc6 6. Bd3 Nd7 7. 0-0 Ngf6 8. Qe2 Be7 9. c3 0-0 10. Re1 Re8 11. Bf4 Nxe4 12. Bxe4 Bxe4 13. Qxe4 c6 14. b4 Nf6 15. Qc2 Bd6 16. Bg5 Be7 17. Rab1 Qc7 18. Ne5 Nd7 19. Bxe7 Rxe7 20. Re3 f6 21. Nxd7 Qxd7 22. Rh3 g6 23. Re3 Rae8 24. Rbe1 Kf8 25. Qe2 e5 26. Qf3 Qd6 27. Qg3 Qd5 28. Qh4 Qf7 29. h3 exd4 30. Qxd4 Rxe3 31. Rxe3 Rxe3 32. fxe3 Qxa2 33. Qxf6+ Qf7 34. Qd8+ Qe8 35. Qd6+ Kf7 36. Qf4+ Kg8 37. Qd4 a6 38. e4 Qe6 39. Kf2 Kf7 40. Ke3 h6 41. Qh8 h5 42. Qh7+ Kf6 43. Qxb7 Qc4 44. Kd2 Qxe4 45. Qxa6 Qxg2+ 46. Kc1 Qxh3 47. Qxc6+ Qe6 48. Qf3+ Qf5 49. Qc6+ Qe6 50. Qf3+ Qf5 1/2-1/2

[Event "URU pre olympic"]
[Site "Punta del Este"]
[Date "2014.06.22"]
[Round "4"]
[White "Bril, Luis"]
[Black "Perez, Cecilia Manuela"]
[Result "0-1"]
[WhiteElo "1818"]
[BlackElo "1507"]
[PlyCount "58"]
[EventDate "2014.06.20"]
[EventType "swiss"]
[EventRounds "5"]
[EventCountry "URU"]
[SourceTitle "EXT 2018"]
[Source "ChessBase"]
[SourceDate "2017.10.13"]
[SourceVersion "1"]
[SourceVersionDate "2017.10.13"]
[SourceQuality "1"]

1. e4 e6 2. Nf3 d5 3. exd5 exd5 4. d4 Nf6 5. Bd3 Bd6 6. 0-0 0-0 7. Bg5 Bg4 8. h3 Be6 9. c3 Nbd7 10. Re1 c6 11. Nbd2 Qc7 12. Nf1 Nh5 13. Bd2 Nf4 14. Bc2 Nf6 15. Ne5 N6h5 16. Qf3 g5 17. Nh2 Rae8 18. Kh1 Ng7 19. Bxf4 gxf4 20. Nhg4 Bxg4 21. Nxg4 Re6 22. Qd3 Rxe1+ 23. Rxe1 f5 24. Nh2 Qf7 25. Nf3 Re8 26. Re2 Rxe2 27. Qxe2 Qe7 28. Qxe7 Bxe7 29. Nh4 Bxh4 0-1